死了一個娛樂女記者之後

資料類型: Book 圖書   書目號:52895

Leader xxxxxxxxxx
001 __ 102576/0/01
005 __ 20190417142300.245
010 0_ |a978-986-96950-6-0|b平裝|d新臺幣340元
042 __ |anbim
100 __ |a20190417d2019    k  y0chiy50      e
101 0_ |achi
102 __ |atw
105 __ |ay   z   000ay
200 1_ |a死了一個娛樂女記者之後|f柯映安著
205 __ |a初版
210 __ |a臺北市|c鏡文學|d2019[民108]
215 0_ |a326面|d21公分
225 12 |a鏡小說|v12
700 _1 |a|b映安|4681 __ |a857.7|b8583
801 _0 |atw|bLibDipper|c20190417|gCCR
詳細館藏(共 1 筆)
索 書 號登 錄 號冊次號館別 / 館藏地流通類型狀態加入預約清單電子資源
857.7 / 8583 1025760  圖書館 / 一樓普通區 可外借30天 在館   

| 條列資料




目錄查詢 分類查詢 個人資料 圖書薦購 新書查詢 閉館日 排行榜 更多電子資源 Hami書城 線上資料庫 登出

From : 216.73.217.87

  本日流通累計至 10:56:05 借閱 : 12 次 續借 : 0 次 歸還 : 9 次 預約 : 0 次 電子資源 : 0 次


內湖高中圖書館  PCLIS 版本  26.5.0.12